LEADER 01580nam 2200529 a 450 001 9910465719303321 005 20200520144314.0 010 $a1-62808-477-4 035 $a(CKB)2560000000103614 035 $a(EBL)3022446 035 $a(SSID)ssj0000916233 035 $a(PQKBManifestationID)11493443 035 $a(PQKBTitleCode)TC0000916233 035 $a(PQKBWorkID)10885472 035 $a(PQKB)10754283 035 $a(MiAaPQ)EBC3022446 035 $a(Au-PeEL)EBL3022446 035 $a(CaPaEBR)ebr10719078 035 $a(OCoLC)923668801 035 $a(EXLCZ)992560000000103614 100 $a20110324d2011 uy 0 101 0 $aeng 135 $aur|n|---||||| 181 $ctxt 182 $cc 183 $acr 200 00$aPosture$b[electronic resource] $etypes, assessment and control /$fAdrienne M. Wright and Samuel P. Rothenberg, editors 210 $aHauppauge, N.Y. $cNova Science$dc2011 215 $a1 online resource (214 p.) 225 1 $aHuman anatomy and physiology 300 $aDescription based upon print version of record. 311 $a1-61324-107-0 320 $aIncludes bibliographical references and index. 410 0$aHuman anatomy and physiology series. 606 $aPosture 608 $aElectronic books. 615 0$aPosture. 676 $a613.7/8 701 $aWright$b Adrienne M$0990410 701 $aRothenberg$b Samuel P$0990411 801 0$bMiAaPQ 801 1$bMiAaPQ 801 2$bMiAaPQ 906 $aBOOK 912 $a9910465719303321 996 $aPosture$92265783 997 $aUNINA LEADER 01009nam0 22002771i 450 001 UON00193644 005 20231205103225.224 010 $a01-981205-1-6 100 $a20030730d1977 |0itac50 ba 101 $aeng 102 $aGB 105 $a|||| 1|||| 200 1 $aAlexander Pope's "Opus Magnum" 1729 - 1744$fMiriam Leranbaum 210 $aOxford$cClarendon press$d1977 215 $aXII, 187 p.$d22 cm. 606 $aPOPE ALEXANDER$3UONC039714$2FI 620 $aGB$dOxford$3UONL000029 676 $a821$cPoesia inglese$v21 700 1$aLERANBAUM$bMiriam$3UONV114454$0562646 712 $aClarendon Press$3UONV246509$4650 801 $aIT$bSOL$c20240220$gRICA 899 $aSIBA - SISTEMA BIBLIOTECARIO DI ATENEO$2UONSI 912 $aUON00193644 950 $aSIBA - SISTEMA BIBLIOTECARIO DI ATENEO$dSI Angl IV B POP-LER $eSI LO 6052 5 996 $aAlexander Pope's Opus magnum, 1729-1744$9946786 997 $aUNIOR